| 000 | 00927nam a2200265 i 4500 | ||
|---|---|---|---|
| 003 | SA-RiAUC | ||
| 005 | 20250516133910.0 | ||
| 008 | 250516s1972 le g 00000 ara c | ||
| 040 |
_aSA-RiKSU _bara _cSA-RiAUC _erda |
||
| 050 | 4 | _b.F37 1972 | |
| 082 | 0 | 4 | _a216 |
| 090 |
_a216 _b ف ا س |
||
| 100 | 1 |
_aالفاسي، علال، _d1910-1974 _eمؤلف. |
|
| 245 | 1 | 0 |
_aدفاع عن الشريعة / _cعلال الفاسي. |
| 250 | _aالطبعة الثانية. | ||
| 264 | 1 |
_aبيروت : _bالعصر الحديث للنشر، _c1972 |
|
| 300 |
_a306 صفحة ؛ _c15 سم |
||
| 336 |
_aنص _btxt _2rdacontent _3كتاب |
||
| 337 |
_aبدون وسيط _bn _2rdamedia |
||
| 338 |
_aمجلد _bnc _2rdacarrier |
||
| 650 | 7 |
_aالإسلام _xدفع مطاعن _2aucsh |
|
| 650 | 7 |
_aالشريعة الإسلامية _xدفع مطاعن _2aucsh |
|
| 942 |
_2ddc _cBOOK _n0 |
||
| 949 |
_aSA-JeALM _d250516 _ueid123 _n1 |
||
| 999 |
_c7955 _d7955 |
||